| 000 | 00807nam a2200193 i 4500 | ||
|---|---|---|---|
| 001 | 173003 | ||
| 003 | ES-MaACL | ||
| 005 | 20251123063309.0 | ||
| 008 | 091005s1854 sp |||| | spa d | ||
| 080 | _a78.089.1 | ||
| 100 |
_aCarreras y González, Mariano _9227072 |
||
| 245 | 1 | 3 |
_aEl trompeta del archiduque _b: zarzuela en un acto / _carreglada al teatro español por Mariano Carreras y González ; música de Javier Gaztambide. |
| 260 |
_aMadrid : _b[s.n.], _c1854 ( _fImp. de José Rodríguez) |
||
| 300 |
_a32 p. ; _c18 cm. |
||
| 500 | _aSolo la letra. | ||
| 700 | 1 |
_aGaztambide, Javier. _9127271 |
|
| 852 |
_aES-MaACL _jF-8602(8) _q.- Falto de la cub. original _z.- Enc. en un vol. facticio formando parte de la col. facticia "Teatro español moderno" vol. 55 |
||
| 999 |
_c173003 _d173003 |
||